Diary of a Wimpy Kid - Which Book? - Statistics

General Stats
  • This quiz has been taken 7 times
  • The average score is 11 of 20
Answer Stats
Hint Answer % Correct
Greg gets bitten by the pig The Long Haul
100%
Greg fears the muddy hand Dog Days
86%
Greg and Rowley join the safety patrol Diary of a Wimpy Kid
71%
Greg becomes yearbook photographer Hard Luck
71%
Greg becomes principal for a day No Brainer
71%
Mom becomes a basketball coach Big Shot
57%
Greg tries to start a social media platform Hot Mess
57%
Grandpa Moves in Old School
57%
Greg gets the rare three eyed theeble Partypooper
57%
Rowley gets a diary Rodrick Rules
57%
Greg "swallows" a seahorse The Getaway
57%
Seth Snella's half birthday The Last Straw
57%
Greg talks about Corney's restaurant The Third Wheel
57%
Rowley gets a zit The Ugly Truth
57%
Great Aunt Reba passes away Wrecking Ball
57%
Greg starts a newspaper Cabin Fever
43%
The band "stank" appears Diper overlode
43%
Tensions among upper and lower surrey street The Meltdown
43%
Heffely family gets skunked The Deep End
29%
Greg talks about freezing himself Double Down
14%
No matching quizzes found
Score Distribution
Percent of People with Each Score
Percentile by Number Answered
Your Score History
You have not taken this quiz